| 000 | 00834nam0a22002651 4500 | ||
|---|---|---|---|
| 001 | v19\rc\1642932 | ||
| 005 | 20250619000642.0 | ||
| 035 | _a(NLR Aleph) 004755829 | ||
| 090 |
_a4559106 _c4559106 |
||
| 100 | _a20061002d1886 |||y0rusy50 ca | ||
| 101 | 0 | _arus | |
| 102 | _aRU | ||
| 105 | _ay z ||||| | ||
| 200 | 1 |
_aО причинах развития нервных болезней _e(Публ. лекция д-ра А.М. Дохмана) |
|
| 210 |
_aКазань _cтип. Губ. правл. _d1886 |
||
| 215 |
_a34 с. _d17 |
||
| 700 | 1 |
_aДохман _bА.М. _f1854-1892 _gАлександр Михайлович |
|
| 801 | 0 |
_aRU _bNLR _gpsbo |
|
| 801 | 0 |
_aRU _bRuMoRGB _2psbo |
|
| 801 | 1 |
_aRU _bProSoft-M _2rusmarc |
|
| 852 |
_aNLR _j18.209.1.110 |
||
| 899 |
_aRuMoRGB _jU 419/161 |
||
| 899 | _aБАН | ||
| 942 | _cBOOK | ||
| 980 | _aNB | ||